| Tag |
First Indicator |
Second Indicator |
Subfields |
| LEADER |
00000cam a2200000 i 4500 |
| 001 |
in00004370621 |
| 005 |
20211129141923.0 |
| 006 |
m o d f |
| 007 |
cr ||||||||||| |
| 008 |
211001s2021 dcu ob f000 0 eng d |
| 035 |
|
|
|a (OCoLC)on1272911727
|
| 043 |
|
|
|a n-us---
|
| 040 |
|
|
|a GPO
|b eng
|e rda
|e pn
|c GPO
|d MvI
|
| 049 |
|
|
|a WWW
|
| 074 |
|
|
|a 0546-D-01 (online)
|
| 086 |
0 |
|
|a GA 1.5/2:GAO-21-415 T
|
| 110 |
1 |
|
|a United States.
|b Government Accountability Office,
|e author.
|
| 245 |
1 |
0 |
|a Defense budget :
|b opportunities exist to improve DOD's management of defense spending : testimony before the Subcommittee on Defense, Committee on Appropriations, House of Representatives /
|c statement of Elizabeth A. Field.
|
| 246 |
3 |
|
|a Defense budget :
|b opportunities exist to improve Department of Defense's management of defense spending
|
| 246 |
3 |
0 |
|a Opportunities exist to improve DOD's management of defense spending
|
| 264 |
|
1 |
|a [Washington, D.C.] :
|b United States Government Accountability Office,
|c 2021.
|
| 300 |
|
|
|a 1 online resource (9 pages).
|
| 336 |
|
|
|a text
|b txt
|2 rdacontent
|
| 337 |
|
|
|a computer
|b c
|2 rdamedia
|
| 338 |
|
|
|a online resource
|b cr
|2 rdacarrier
|
| 490 |
1 |
|
|a Testimony ;
|v GAO-21-415T
|
| 500 |
|
|
|a "For release on delivery, expected at 9:30 a.m. ET, Thursday, February 24, 2021."
|
| 504 |
|
|
|a Includes bibliographical references.
|
| 588 |
0 |
|
|a Description based on online resource, PDF version; title from cover (GAO, viewed March 25, 2021).
|
| 610 |
1 |
0 |
|a United States.
|b Department of Defense
|x Appropriations and expenditures
|x Evaluation.
|
| 610 |
1 |
0 |
|a United States.
|b Department of Defense
|x Management
|x Evaluation.
|
| 650 |
|
0 |
|a Budget
|z United States
|x Management.
|
| 650 |
|
0 |
|a Waste in government spending
|z United States
|x Prevention.
|
| 700 |
1 |
|
|a Field, Elizabeth A.,
|e author.
|
| 710 |
1 |
|
|a United States.
|b Congress.
|b House.
|b Committee on Appropriations.
|b Subcommittee on Department of Defense,
|e sponsoring body.
|
| 830 |
|
0 |
|a Testimony ;
|v GAO-21-415T.
|
| 856 |
4 |
0 |
|u https://purl.fdlp.gov/GPO/gpo153459
|t 0
|
| 999 |
f |
f |
|s 386a9ddf-3f17-3f51-b637-ccffa280c591
|i c4fb37cd-b107-3b26-884c-91fd4df0fbdc
|t 0
|
| 952 |
f |
f |
|a Texas A&M University
|b College Station
|c Electronic Resources
|d Available Online
|t 0
|e GA 1.5/2:GAO-21-415 T
|h Superintendent of Documents classification
|
| 998 |
f |
f |
|a GA 1.5/2:GAO-21-415 T
|t 0
|l Available Online
|